000 01039nam a2200229Ia 4500
999 _c56216
_d56216
001 23317
003 GE_BSU
005 20251204195936.0
008 181216s1962||||ge |||||||||||||| ||geo||
040 _cGE_BSU
041 _ageo
080 _a94(479.22)"12/13 გ-46
100 _aგვრიტიშვილი, დავით
_916228
245 _aნარკვევები საქართველოს ისტორიიდან. [ტ. 1], (XIII-XIV სს.) /
_cდავით გვრიტიშვილი ; რედ. კ. ჯოხიძე.
264 _aთბილისი :
_bსაბჭ. საქართველო,
_c1962.
300 _a381 გვ. ;
_c22 სმ.
504 _aბიბლიოგრაფია შენიშვნებში
541 _h3 ლ.
653 _aნარკვევები საქართველოს ისტორიიდან - (XIII-XIV სს.)
653 _aსაქართველოს ისტორია
942 _cBK
_2udc